000
00337nam a2200133Ia 4500
008
221030s9999 xx 000 0 und d
041
_a
English
100
_a
George Kennedy
245
0
_a
Electronic Communication Systems
_c
by George Kennedy, Davis, Bernard
260
_c
0
650
_a
B
700
_a
Davis, Bernard
942
_c
BK
999
_c
16077
_d
16077